| 000 | 00518nam a2200157Ia 4500 | ||
|---|---|---|---|
| 008 | 160316s1998 xxu||||| |||| 00| 0 eng d | ||
| 082 |
_a320.950000 _bPRA-II |
||
| 100 | _aPrajapati Vishnu.Ed | ||
| 245 | _aSouth Asia Power and politics. Vol.II : Studies in poliltical identity and regional resurgence | ||
| 250 | _a | ||
| 260 |
_aNew Delhi _bCommonwealth Publishers _c1998 |
||
| 300 |
_a358p _b358p* _c |
||
| 365 | _b1,800/- Set* | ||
| 650 | _a1. International Relations - India Foreign Policy - India | ||
| 700 |
_a _a |
||
| 999 |
_c13197 _d13197 |
||